000 00350 a2200157 4500
001 71928
020 _a
040 _cAnchieta - Colégio São Paulo
100 _aMachado, Ana Maria
240 1 0 _aBem do seu tamanho
_lpor
245 1 0 _aBem do seu tamanho
300 _a54
362 0 _a1986
650 4 _aLiteratura infanto-juvenil
942 _cBK
999 _c71928
_d71928